000 00708nam a2200277Ia 4500
003 OSt
005 20220926023025.0
006 a|||||r|||| 00| 0
007 ta
008 220923b |||||||| |||| 00| 0 eng d
020 _a471 34225 4
037 _cGeneral Book
040 _aRTL
_cRTL
_beng
041 _2eng
_aeng
082 _aS:7, L0
100 _aHall Calvin S
245 0 _aTheories of personality
250 _a2
260 _aNew York
_bWiley
_c1970
300 _axiv,622p
_ccm.
650 _a Psychology
650 _aPersonality
_933018
700 _a Lindzey Gardner
942 _hS:7, L0
_cGB
_2CC
999 _c640784
_d640784